Statistiques concernant Préfectures françaises en énigmes #Facile

Cliquez ici pour prendre le quiz!

Statistiques générales

  • Ce quiz a été pris 62 fois
  • Le résultat moyen est 23 sur 45

Statistiques - réponses

HintRéponse% Correct
3.14PI
95%
NégationNE
88%
Concurrent de PepsiCOCA
85%
Réponse négativeNON
85%
_ _ _ , tu as, il aJAI
83%
Il coule en EgypteNIL
82%
Car en 3 lettresBUS
78%
Oui russeDA
78%
12 en une annéeMOIS
78%
Marque briquet ou styloBIC
77%
Lutte japonaiseSUMO
72%
C'est pas fauxVRAI
72%
Voie urbaineRUE
68%
Tyson en est unBOXEUR
67%
Composant de poèmeVERS
62%
Clair et _ _ _NET
60%
PréfecturePARIS
58%
Vivel DopGEL
53%
AmiPOTE
53%
PréfectureAJACCIO
50%
PréfectureBORDEAUX
48%
Pronom relatifQUI
47%
104 semainesANS
45%
PoissonSAR
42%
Synonyme centrerAXER
40%
PréfectureMOULINS
40%
PréfectureQUIMPER
40%
PréfectureNANTES
38%
PréfecturePOITIERS
38%
Prénom fleuriIRIS
37%
PréfectureLIMOGES
37%
PréfectureAUXERRE
35%
Un style de BleuCYAN
35%
Ville russe 4 lettresPERM
35%
Message final de mailPS
33%
PréfectureSTRASBOURG
33%
PréfectureVERSAILLES
32%
CoéquipiersALLIES
30%
PréfectureANNECY
28%
Tiens la porteCALE
28%
PréfecturePRIVAS
25%
PréfectureALENCON
23%
PréfectureSAINT BRIEUC
22%
Il arrête l'hémorragieGARROTS
18%
Etabli pour la 1ere foisINSTAURE
7%

Distribution des résultats

Percentile par nombre de réponses

% des personnes avec chaque résultat

Votre développement - résultats

Vous n’avez pas pris ce quiz